Normal view MARC view
  • Ramos Pérez, Alfredo

Entry Nombre Personal

Number of records used in: 1

001 - NUMERO DE CONTROL

  • campo de control: 60194

003 - IDENTIFICADOR DE NUMERO DE CONTROL

  • campo de control: UPN

005 - FECHA Y HORA DE LA ÜLTIMA TRANSACCIÓN

  • campo de control: 20260702134051.0

008 - DATOS DE LONGITUD FIJA

  • campo de control de longitud fija: 260702|| ac|||aabn | a|a d

024 ## - OTROS IDENTIFICADORES NORMALIZADOS

  • Fuente: orcid
  • Número normalizado o código: https://orcid.org/0000-0002-6039-0712

040 ## - FUENTE DE CATALOGACIÓN

  • Agencia original de catalogación: MX-MxUPN

100 1# - ENCABEZAMIENTO - NOMBRE PERSONAL

  • Nombre personal: Ramos Pérez, Alfredo

370 ## - LUGAR ASOCIADO

  • Place of birth: España

371 ## - DIRECCIÓN

  • Electronic mail address: alfredo.ramos@cchs.csic.es

373 ## - GRUPO ASOCIADO

  • Associated group: Consejo Superior de Investigaciones Científicas/Instituto de Políticas y Bienes Públicos
  • Associated group: CSIC/IPP

374 ## - OCUPACIÓN

  • Occupation: Docencia e investigación universitarias

670 ## - FUENTE EN LA QUE SE LOCALIZARON DATOS

  • Cita de la fuente: En recurso en línea: REIS, No. 193 (2025)
  • Información localizada: (Alfredo Ramos Pérez)
  • Uniform Resource Identifier: https://reis.cis.es/index.php/reis/article/view/2476/3065

902 ## - CATALOGADOR

  • Catalogador: Leonor Sotres/020726